[Event "VIII Miedzynarodowy Memorial Ferdynanda Dziedzica"]
[Site "Trzcianka"]
[Date "2018.10.14"]
[Round "6.7"]
[White "Suliborski, Jakub"]
[Black "Zakrzewski, Marek"]
[Result "1-0"]
[BlackElo "2403"]
[WhiteElo "2135"]
[LiveChessVersion "1.4.8"]

1. e4 {[%clk 0:10:08]} c5 {[%clk 0:10:08]} 2. Nf3 {[%clk 0:10:11]} e6
{[%clk 0:10:12]} 3. b3 {[%clk 0:10:15]} b6 {[%clk 0:10:15]} 4. Bb2
{[%clk 0:10:18]} Bb7 {[%clk 0:10:19]} 5. Nc3 {[%clk 0:10:21]} a6 {[%clk 0:10:17]}
6. a4 {[%clk 0:10:06]} Nc6 {[%clk 0:10:17]} 7. g3 {[%clk 0:10:00]} Nf6
{[%clk 0:10:13]} 8. Bg2 {[%clk 0:09:54]} Be7 {[%clk 0:09:17]} 9. O-O
{[%clk 0:09:55]} d6 {[%clk 0:09:20]} 10. d4 {[%clk 0:09:44]} cxd4
{[%clk 0:09:22]} 11. Nxd4 {[%clk 0:09:47]} Qc7 {[%clk 0:09:04]} 12. Rc1
{[%clk 0:09:45]} O-O {[%clk 0:09:04]} 13. Kh1 {[%clk 0:09:39]} Rfd8
{[%clk 0:08:37]} 14. Nce2 {[%clk 0:09:21]} Nxd4 {[%clk 0:07:32]} 15. Qxd4
{[%clk 0:09:16]} d5 {[%clk 0:05:52]} 16. e5 {[%clk 0:08:35]} Ne4 {[%clk 0:05:15]}
17. Qe3 {[%clk 0:08:34]} Rac8 {[%clk 0:05:04]} 18. Bd4 {[%clk 0:07:56]} Bc5
{[%clk 0:04:53]} 19. f3 {[%clk 0:07:50]} Bxd4 {[%clk 0:04:43]} 20. Nxd4
{[%clk 0:07:37]} Qc3 {[%clk 0:04:44]} 21. Rfe1 {[%clk 0:07:34]} Qxe3
{[%clk 0:04:33]} 22. Rxe3 {[%clk 0:07:37]} Nc3 {[%clk 0:04:31]} 23. Ra1
{[%clk 0:06:49]} Rd7 {[%clk 0:03:41]} 24. Bf1 {[%clk 0:06:48]} Kf8
{[%clk 0:03:33]} 25. Kg1 {[%clk 0:06:52]} Ke7 {[%clk 0:03:35]} 26. Kf2
{[%clk 0:06:54]} Rdc7 {[%clk 0:03:11]} 27. Ke1 {[%clk 0:06:55]} Rc5
{[%clk 0:02:44]} 28. Kd2 {[%clk 0:06:34]} b5 {[%clk 0:02:40]} 29. axb5
{[%clk 0:06:24]} Nxb5 {[%clk 0:02:42]} 30. Bxb5 {[%clk 0:06:12]} axb5
{[%clk 0:02:46]} 31. b4 {[%clk 0:06:09]} Rc4 {[%clk 0:02:48]} 32. c3
{[%clk 0:06:12]} Bc6 {[%clk 0:02:19]} 33. Ra7+ {[%clk 0:06:14]} Ke8
{[%clk 0:02:18]} 34. f4 {[%clk 0:06:06]} Bd7 {[%clk 0:02:17]} 35. h4
{[%clk 0:05:47]} h5 {[%clk 0:02:14]} 36. Nb3 {[%clk 0:05:27]} R4c7
{[%clk 0:02:01]} 37. Ra5 {[%clk 0:05:19]} Rc4 {[%clk 0:01:48]} 38. Nc5
{[%clk 0:05:11]} d4 {[%clk 0:01:47]} 39. cxd4 {[%clk 0:01:12]} Rxb4
{[%clk 0:01:51]} 40. Nxd7 {[%clk 0:00:48]} Rb2+ {[%clk 0:01:20]} 41. Kd3
{[%clk 0:00:33]} Kxd7 {[%clk 0:01:23]} 42. Ra7+ {[%clk 0:00:36]} Rc7
{[%clk 0:01:27]} 43. Rxc7+ {[%clk 0:00:32]} Kxc7 {[%clk 0:01:31]} 44. Ke4
{[%clk 0:00:36]} Kb6 {[%clk 0:01:13]} 45. f5 {[%clk 0:00:39]} b4 {[%clk 0:01:11]}
46. fxe6 {[%clk 0:00:42]} fxe6 {[%clk 0:01:15]} 47. d5 {[%clk 0:00:46]} exd5+
{[%clk 0:01:16]} 48. Kxd5 {[%clk 0:00:49]} Kc7 {[%clk 0:01:01]} 49. Ke6
{[%clk 0:00:48]} Rc2 {[%clk 0:00:55]} 50. Kf7 {[%clk 0:00:45]} Rc3
{[%clk 0:00:50]} 51. Re4 {[%clk 0:00:21]} b3 {[%clk 0:00:51]} 52. e6
{[%clk 0:00:24]} Rf3+ {[%clk 0:00:50]} 53. Ke8 {[%clk 0:00:26]} Rxg3
{[%clk 0:00:33]} 54. e7 {[%clk 0:00:30]} Rg4 {[%clk 0:00:37]} 55. Re1
{[%clk 0:00:31]} b2 {[%clk 0:00:13]} 56. Kf8 {[%clk 0:00:33]} Rf4+
{[%clk 0:00:17]} 57. Kg8 {[%clk 0:00:38]} Re4 {[%clk 0:00:06]} 58. Rxe4
{[%clk 0:00:41]} b1=Q {[%clk 0:00:10]} 59. e8=Q {[%clk 0:00:42]} 1-0

[Event "VIII Miedzynarodowy Memorial Ferdynanda Dziedzica"]
[Site "Trzcianka"]
[Date "2018.10.14"]
[Round "6.9"]
[White "Chojnacki, Krzysztof"]
[Black "Zolnierowicz, Krzysztof"]
[Result "1/2-1/2"]
[BlackElo "2119"]
[WhiteElo "2341"]
[LiveChessVersion "1.4.8"]

1. d4 {[%clk 0:10:07]} d5 {[%clk 0:10:06]} 2. c4 {[%clk 0:10:10]} e6
{[%clk 0:10:09]} 3. Nc3 {[%clk 0:10:14]} c5 {[%clk 0:10:12]} 4. cxd5
{[%clk 0:10:08]} exd5 {[%clk 0:10:14]} 5. Nf3 {[%clk 0:10:12]} Nc6
{[%clk 0:10:17]} 6. dxc5 {[%clk 0:10:14]} d4 {[%clk 0:10:18]} 7. Na4
{[%clk 0:10:01]} Bf5 8. Bd2 {[%clk 0:09:48]} Nf6 {[%clk 0:08:42]} 9. g3
{[%clk 0:09:51]} Ne4 {[%clk 0:08:39]} 10. Rc1 {[%clk 0:09:30]} Be7
{[%clk 0:08:39]} 11. Bg2 {[%clk 0:09:34]} Qd5 {[%clk 0:08:03]} 12. O-O
{[%clk 0:08:55]} Qxa2 {[%clk 0:08:02]} 13. b4 {[%clk 0:08:53]} Nxd2
{[%clk 0:07:37]} 14. Nxd2 {[%clk 0:08:56]} Nxb4 {[%clk 0:07:21]} 15. Bxb7
{[%clk 0:08:19]} Rb8 {[%clk 0:07:08]} 16. Be4 {[%clk 0:07:40]} Bxe4
{[%clk 0:06:53]} 17. Nxe4 {[%clk 0:07:42]} O-O {[%clk 0:06:56]} 18. c6
{[%clk 0:05:28]} Rfc8 {[%clk 0:06:27]} 19. c7 {[%clk 0:05:31]} Rb7
{[%clk 0:06:20]} 20. Nac5 {[%clk 0:05:33]} Rbxc7 {[%clk 0:06:08]} 21. Qxd4
{[%clk 0:05:36]} a5 {[%clk 0:05:22]} 22. Ra1 {[%clk 0:05:17]} Qd5
{[%clk 0:05:17]} 23. Qxd5 {[%clk 0:04:53]} Nxd5 {[%clk 0:05:18]} 24. Nb3
{[%clk 0:04:55]} Rc2 {[%clk 0:04:57]} 25. Rxa5 {[%clk 0:04:49]} Rxe2
{[%clk 0:04:50]} 26. Rxd5 {[%clk 0:03:53]} Rxe4 {[%clk 0:04:52]} 27. Nd4
{[%clk 0:03:10]} Bf6 {[%clk 0:04:49]} 28. Nf3 {[%clk 0:03:13]} g6
{[%clk 0:04:49]} 29. Kg2 {[%clk 0:03:15]} Rc2 {[%clk 0:04:44]} 30. Re1
{[%clk 0:03:13]} Ra4 {[%clk 0:04:28]} 31. Rd2 {[%clk 0:03:07]} Rxd2
{[%clk 0:04:20]} 32. Nxd2 {[%clk 0:03:10]} Ra2 1/2-1/2

[Event "VIII Miedzynarodowy Memorial Ferdynanda Dziedzica"]
[Site "Trzcianka"]
[Date "2018.10.14"]
[Round "7.1"]
[White "Tomczak, Jacek"]
[Black "Krasenkow, Michal"]
[Result "0-1"]
[BlackElo "2524"]
[WhiteElo "2546"]
[LiveChessVersion "1.4.8"]

1. e4 {[%clk 0:10:09]} c5 {[%clk 0:10:10]} 2. Nf3 Nc6 3. d4 {[%clk 0:10:16]} cxd4
{[%clk 0:10:19]} 4. Nxd4 Nf6 5. Nc3 e5 6. Ndb5 {[%clk 0:10:25]} d6
{[%clk 0:10:33]} 7. Bg5 {[%clk 0:10:07]} a6 {[%clk 0:10:37]} 8. Na3
{[%clk 0:10:10]} b5 {[%clk 0:10:41]} 9. Bxf6 {[%clk 0:10:11]} gxf6
{[%clk 0:10:46]} 10. Nd5 {[%clk 0:10:14]} f5 {[%clk 0:10:50]} 11. g3
{[%clk 0:10:14]} fxe4 {[%clk 0:10:51]} 12. Bg2 {[%clk 0:10:17]} Be6
{[%clk 0:10:55]} 13. Bxe4 {[%clk 0:10:18]} Bg7 {[%clk 0:10:59]} 14. Qh5
{[%clk 0:10:21]} Rc8 {[%clk 0:10:59]} 15. O-O {[%clk 0:10:09]} Ne7
{[%clk 0:11:01]} 16. Nxe7 {[%clk 0:10:11]} Qxe7 {[%clk 0:11:04]} 17. Rad1
{[%clk 0:10:14]} b4 {[%clk 0:10:35]} 18. Nb1 {[%clk 0:10:17]} Rc4
{[%clk 0:10:11]} 19. Rfe1 {[%clk 0:09:42]} d5 {[%clk 0:09:24]} 20. Bf5
{[%clk 0:09:39]} Bxf5 {[%clk 0:09:03]} 21. Qxf5 {[%clk 0:09:43]} Qe6
{[%clk 0:09:00]} 22. Qd3 {[%clk 0:09:14]} O-O {[%clk 0:08:54]} 23. c3
{[%clk 0:05:54]} bxc3 {[%clk 0:08:04]} 24. Nxc3 {[%clk 0:05:57]} d4
{[%clk 0:08:08]} 25. Ne4 {[%clk 0:06:01]} f5 {[%clk 0:07:43]} 26. Nd2
{[%clk 0:04:19]} Rc6 {[%clk 0:07:43]} 27. Nb3 {[%clk 0:04:20]} e4
{[%clk 0:07:42]} 28. Nxd4 {[%clk 0:03:48]} Bxd4 {[%clk 0:05:26]} 29. Qxd4
{[%clk 0:03:51]} Qxa2 {[%clk 0:05:29]} 30. Rc1 {[%clk 0:03:43]} Qe6
{[%clk 0:05:07]} 31. Rxc6 {[%clk 0:03:46]} Qxc6 {[%clk 0:05:11]} 32. Re3
{[%clk 0:03:37]} Qf6 {[%clk 0:04:59]} 33. Qc4+ {[%clk 0:03:39]} Kg7
{[%clk 0:04:46]} 34. Rb3 {[%clk 0:03:37]} Rf7 {[%clk 0:04:37]} 35. Rb8
{[%clk 0:03:34]} Qe5 {[%clk 0:03:10]} 36. Qc8 {[%clk 0:03:26]} Qd6
{[%clk 0:01:11]} 37. Qg8+ {[%clk 0:03:13]} Kh6 {[%clk 0:01:15]} 38. Kg2
{[%clk 0:02:02]} Rg7 {[%clk 0:01:08]} 39. Qc8 {[%clk 0:02:05]} Rf7
{[%clk 0:01:03]} 40. Ra8 {[%clk 0:02:05]} Rf6 {[%clk 0:01:00]} 41. Qb7
{[%clk 0:01:39]} Qc6 {[%clk 0:01:00]} 42. Qe7 {[%clk 0:00:54]} e3+
{[%clk 0:00:45]} 43. f3 {[%clk 0:00:58]} Qe6 {[%clk 0:00:21]} 44. Qc7
{[%clk 0:00:41]} e2 {[%clk 0:00:15]} 45. Ra7 {[%clk 0:00:45]} Rf7
{[%clk 0:00:20]} 46. Qc1+ {[%clk 0:00:49]} Kg6 {[%clk 0:00:19]} 47. Ra8
{[%clk 0:00:08]} e1=Q {[%clk 0:00:20]} 48. Rg8+ {[%clk 0:00:11]} Rg7
{[%clk 0:00:24]} 49. Rxg7+ {[%clk 0:00:14]} Kxg7 {[%clk 0:00:28]} 50. Qg5+ Qg6
51. Qf4 {[%clk 0:00:22]} Qe2+ {[%clk 0:00:35]} 52. Kg1 {[%clk 0:00:27]} Qb6+
{[%clk 0:00:37]} 0-1

[Event "VIII Miedzynarodowy Memorial Ferdynanda Dziedzica"]
[Site "Trzcianka"]
[Date "2018.10.14"]
[Round "7.2"]
[White "Moiseenko, Alexander"]
[Black "Tomczak, Mikolaj"]
[Result "1/2-1/2"]
[BlackElo "2448"]
[WhiteElo "2680"]
[LiveChessVersion "1.4.8"]

1. d4 {[%clk 0:10:02]} d5 {[%clk 0:10:06]} 2. c4 {[%clk 0:10:06]} dxc4
{[%clk 0:10:09]} 3. e3 {[%clk 0:10:03]} a6 {[%clk 0:10:10]} 4. Bxc4
{[%clk 0:10:06]} e6 {[%clk 0:10:13]} 5. Nf3 {[%clk 0:09:45]} Nf6 {[%clk 0:10:16]}
6. O-O {[%clk 0:09:37]} c5 {[%clk 0:10:19]} 7. Bb3 {[%clk 0:09:08]} Nc6
{[%clk 0:09:44]} 8. Qe2 {[%clk 0:09:02]} cxd4 {[%clk 0:09:39]} 9. Rd1
{[%clk 0:08:33]} Be7 {[%clk 0:09:41]} 10. Nxd4 {[%clk 0:07:32]} Nxd4
{[%clk 0:09:38]} 11. Rxd4 {[%clk 0:07:32]} Qc7 {[%clk 0:09:18]} 12. Nc3
{[%clk 0:07:35]} Bd7 {[%clk 0:08:39]} 13. e4 {[%clk 0:07:34]} Bc6
{[%clk 0:08:34]} 14. e5 {[%clk 0:07:14]} Nd7 {[%clk 0:08:27]} 15. Bf4
{[%clk 0:07:14]} O-O {[%clk 0:07:37]} 16. Bg3 {[%clk 0:06:38]} Rfd8
{[%clk 0:07:12]} 17. Bc2 {[%clk 0:06:39]} Nf8 {[%clk 0:07:08]} 18. Rg4
{[%clk 0:06:37]} Rd7 {[%clk 0:06:44]} 19. Bh4 {[%clk 0:04:52]} Bxh4
{[%clk 0:05:39]} 20. Rxh4 {[%clk 0:04:56]} g6 {[%clk 0:04:02]} 21. h3
{[%clk 0:03:15]} Rad8 {[%clk 0:04:01]} 22. Rd1 {[%clk 0:03:19]} Rxd1+
{[%clk 0:04:00]} 23. Bxd1 {[%clk 0:03:21]} Nd7 {[%clk 0:03:34]} 24. Rd4
{[%clk 0:03:21]} Rc8 {[%clk 0:02:55]} 25. f4 {[%clk 0:03:16]} Nb6
{[%clk 0:02:25]} 26. Qf2 {[%clk 0:03:12]} Kg7 {[%clk 0:02:18]} 27. Kh2
{[%clk 0:02:31]} Bd5 {[%clk 0:01:57]} 28. Bf3 {[%clk 0:02:07]} Bxf3
{[%clk 0:01:48]} 29. Qxf3 {[%clk 0:02:11]} Nc4 {[%clk 0:01:51]} 30. Qg3
{[%clk 0:01:14]} Nxb2 {[%clk 0:01:21]} 31. Ne4 {[%clk 0:01:17]} Qb6
{[%clk 0:01:22]} 32. Rd7 {[%clk 0:00:45]} Rc1 {[%clk 0:01:25]} 33. Qf2
{[%clk 0:00:18]} Qxf2 {[%clk 0:01:22]} 34. Nxf2 {[%clk 0:00:22]} Rc4
{[%clk 0:00:57]} 35. Rxb7 {[%clk 0:00:20]} Na4 {[%clk 0:01:00]} 36. Kg3
{[%clk 0:00:13]} Nc3 {[%clk 0:00:56]} 37. Nd3 {[%clk 0:00:08]} Nd5
{[%clk 0:00:41]} 38. Kf3 {[%clk 0:00:09]} Rd4 {[%clk 0:00:40]} 39. Nc5
{[%clk 0:00:12]} Rxf4+ {[%clk 0:00:43]} 40. Kg3 {[%clk 0:00:16]} Kh6
{[%clk 0:00:43]} 41. Nxa6 {[%clk 0:00:17]} Ra4 {[%clk 0:00:31]} 42. Nc5
{[%clk 0:00:10]} Ra3+ {[%clk 0:00:31]} 43. Kh2 {[%clk 0:00:12]} Rxa2
{[%clk 0:00:29]} 44. Rxf7 {[%clk 0:00:15]} Ne3 {[%clk 0:00:33]} 45. Nxe6
{[%clk 0:00:14]} Rxg2+ {[%clk 0:00:34]} 46. Kh1 {[%clk 0:00:18]} Rg3
{[%clk 0:00:33]} 47. Nf4 {[%clk 0:00:12]} Nf5 {[%clk 0:00:33]} 48. e6
{[%clk 0:00:15]} Re3 {[%clk 0:00:36]} 49. Kg2 {[%clk 0:00:16]} Kg5
{[%clk 0:00:31]} 50. Nd5 {[%clk 0:00:18]} Rxe6 {[%clk 0:00:26]} 51. Rxh7
{[%clk 0:00:22]} Rd6 {[%clk 0:00:27]} 52. Nc3 {[%clk 0:00:13]} Rd2+
{[%clk 0:00:30]} 53. Kf1 {[%clk 0:00:14]} Ne3+ {[%clk 0:00:17]} 54. Ke1
{[%clk 0:00:16]} Rd4 1/2-1/2

[Event "VIII Miedzynarodowy Memorial Ferdynanda Dziedzica"]
[Site "Trzcianka"]
[Date "2018.10.14"]
[Round "7.3"]
[White "Teclaf, Pawel"]
[Black "Piorun, Kacper"]
[Result "1/2-1/2"]
[BlackElo "2636"]
[WhiteElo "2298"]
[LiveChessVersion "1.4.8"]

1. e4 {[%clk 0:10:08]} e5 {[%clk 0:10:07]} 2. Nf3 {[%clk 0:10:11]} Nc6
{[%clk 0:10:10]} 3. Bb5 {[%clk 0:10:15]} a6 {[%clk 0:10:14]} 4. Ba4
{[%clk 0:10:19]} d6 {[%clk 0:10:16]} 5. c3 {[%clk 0:10:12]} Bd7 {[%clk 0:10:16]}
6. d4 {[%clk 0:10:10]} Nf6 {[%clk 0:09:52]} 7. O-O {[%clk 0:09:58]} Be7
{[%clk 0:09:49]} 8. Nbd2 {[%clk 0:09:25]} O-O {[%clk 0:09:51]} 9. Re1
{[%clk 0:08:48]} Re8 {[%clk 0:09:48]} 10. Bxc6 {[%clk 0:08:31]} Bxc6
{[%clk 0:09:46]} 11. dxe5 {[%clk 0:08:34]} dxe5 {[%clk 0:09:40]} 12. Nxe5
{[%clk 0:08:36]} Bxe4 {[%clk 0:09:30]} 13. Nxf7 {[%clk 0:06:44]} Kxf7
{[%clk 0:08:19]} 14. Nxe4 {[%clk 0:06:47]} Qxd1 {[%clk 0:08:17]} 15. Ng5+
{[%clk 0:06:51]} Kg8 {[%clk 0:07:58]} 16. Rxd1 {[%clk 0:06:50]} Bc5
{[%clk 0:08:02]} 17. Bf4 {[%clk 0:05:02]} Re2 {[%clk 0:07:34]} 18. Rd2
{[%clk 0:05:00]} Bxf2+ {[%clk 0:07:22]} 19. Kf1 {[%clk 0:05:02]} Rxd2
{[%clk 0:07:26]} 20. Bxd2 {[%clk 0:05:06]} Bb6 {[%clk 0:07:19]} 21. Re1
{[%clk 0:04:35]} Ng4 {[%clk 0:05:15]} 22. Nf3 {[%clk 0:04:33]} Rf8
{[%clk 0:04:51]} 23. Ke2 {[%clk 0:04:36]} Rf5 {[%clk 0:04:54]} 24. Kd3
{[%clk 0:04:15]} h6 {[%clk 0:04:38]} 25. Re8+ {[%clk 0:03:50]} Rf8
{[%clk 0:03:42]} 26. Rxf8+ {[%clk 0:03:49]} Kxf8 {[%clk 0:03:46]} 27. Ke4
{[%clk 0:03:14]} 1/2-1/2

[Event "VIII Miedzynarodowy Memorial Ferdynanda Dziedzica"]
[Site "Trzcianka"]
[Date "2018.10.14"]
[Round "7.4"]
[White "Jaroch, Karol"]
[Black "Kantans, Toms"]
[Result "1-0"]
[BlackElo "2513"]
[WhiteElo "2285"]
[LiveChessVersion "1.4.8"]

1. c4 {[%clk 0:10:09]} e5 {[%clk 0:10:00]} 2. g3 {[%clk 0:10:13]} Nc6
{[%clk 0:10:04]} 3. Bg2 {[%clk 0:10:16]} Bc5 {[%clk 0:10:04]} 4. e3
{[%clk 0:10:20]} d6 {[%clk 0:10:04]} 5. Nc3 {[%clk 0:10:23]} a6 {[%clk 0:10:08]}
6. Nge2 {[%clk 0:10:26]} Ba7 {[%clk 0:10:11]} 7. b3 {[%clk 0:10:22]} h5
{[%clk 0:10:14]} 8. f4 {[%clk 0:09:39]} h4 {[%clk 0:09:58]} 9. Bb2
{[%clk 0:08:57]} Nf6 {[%clk 0:06:29]} 10. Bxc6+ {[%clk 0:08:05]} bxc6
{[%clk 0:06:31]} 11. fxe5 {[%clk 0:08:08]} dxe5 {[%clk 0:06:27]} 12. Qc2
{[%clk 0:08:10]} hxg3 {[%clk 0:05:52]} 13. Nxg3 {[%clk 0:08:11]} Bg4
{[%clk 0:05:18]} 14. Nce2 {[%clk 0:03:40]} Qe7 {[%clk 0:03:25]} 15. O-O-O
{[%clk 0:03:42]} O-O-O {[%clk 0:02:54]} 16. Rdf1 {[%clk 0:03:31]} Nd7
{[%clk 0:01:27]} 17. Kb1 {[%clk 0:02:13]} Nc5 {[%clk 0:00:57]} 18. d4
{[%clk 0:02:10]} Ne6 {[%clk 0:00:17]} 19. Qe4 {[%clk 0:02:12]} Bxe2
{[%clk 0:00:20]} 20. Nxe2 {[%clk 0:02:14]} exd4 {[%clk 0:00:10]} 21. Bxd4
{[%clk 0:01:38]} Bxd4 {[%clk 0:00:07]} 22. Nxd4 {[%clk 0:01:42]} Rh4
{[%clk 0:00:08]} 23. Qxc6 {[%clk 0:01:38]} Nxd4 {[%clk 0:00:11]} 24. Qxa6+
{[%clk 0:01:41]} Kb8 {[%clk 0:00:13]} 25. exd4 {[%clk 0:01:33]} Qe4+
{[%clk 0:00:17]} 26. Kb2 {[%clk 0:01:22]} Qxd4+ {[%clk 0:00:19]} 27. Ka3
{[%clk 0:01:26]} Rh6 {[%clk 0:00:09]} 28. Qb5+ {[%clk 0:01:07]} Rb6
{[%clk 0:00:12]} 29. Rd1 {[%clk 0:01:07]} Qxd1 {[%clk 0:00:07]} 30. Rxd1
{[%clk 0:01:11]} Rxd1 {[%clk 0:00:11]} 31. Qe8+ {[%clk 0:01:15]} Kb7
{[%clk 0:00:12]} 32. Qe4+ {[%clk 0:01:16]} Kb8 {[%clk 0:00:08]} 33. c5
{[%clk 0:00:40]} Re6 {[%clk 0:00:06]} 34. Qf3 {[%clk 0:00:31]} Ra6+ 35. Kb4
{[%clk 0:00:32]} Rd4+ {[%clk 0:00:07]} 36. Kc3 {[%clk 0:00:36]} Rd7
{[%clk 0:00:07]} 37. a4 {[%clk 0:00:39]} Re6 {[%clk 0:00:10]} 38. Qf4
{[%clk 0:00:36]} Rf6 {[%clk 0:00:07]} 39. Qb4+ {[%clk 0:00:39]} Kc8
{[%clk 0:00:11]} 40. Qe4 {[%clk 0:00:42]} Rd8 {[%clk 0:00:08]} 41. a5
{[%clk 0:00:40]} Kd7 {[%clk 0:00:11]} 42. a6 {[%clk 0:00:33]} Rxa6
{[%clk 0:00:09]} 43. Qd3+ {[%clk 0:00:37]} 1-0

[Event "VIII Miedzynarodowy Memorial Ferdynanda Dziedzica"]
[Site "Trzcianka"]
[Date "2018.10.14"]
[Round "7.5"]
[White "Lewtak, Damian"]
[Black "Jedynak, Radoslaw"]
[Result "1-0"]
[BlackElo "2424"]
[WhiteElo "2278"]
[LiveChessVersion "1.4.8"]

1. d4 {[%clk 0:10:08]} e6 {[%clk 0:10:09]} 2. Nf3 {[%clk 0:09:54]} Nf6
{[%clk 0:10:13]} 3. c3 {[%clk 0:09:53]} b6 4. Bf4 {[%clk 0:09:54]} Bb7
{[%clk 0:10:16]} 5. h3 {[%clk 0:09:57]} Be7 {[%clk 0:10:03]} 6. Nbd2
{[%clk 0:10:00]} d6 {[%clk 0:09:47]} 7. e3 {[%clk 0:09:59]} Nbd7 {[%clk 0:09:50]}
8. Bh2 {[%clk 0:09:38]} Ne4 {[%clk 0:09:23]} 9. Nxe4 {[%clk 0:09:29]} Bxe4
{[%clk 0:09:27]} 10. Nd2 {[%clk 0:09:28]} Bb7 {[%clk 0:09:31]} 11. e4
{[%clk 0:09:07]} O-O {[%clk 0:08:51]} 12. Bd3 {[%clk 0:09:10]} e5
{[%clk 0:08:45]} 13. Nf3 {[%clk 0:09:02]} Bf6 {[%clk 0:08:47]} 14. O-O
{[%clk 0:08:38]} a5 {[%clk 0:08:46]} 15. Re1 {[%clk 0:08:21]} g6 {[%clk 0:08:49]}
16. a4 {[%clk 0:08:10]} Bg7 {[%clk 0:08:50]} 17. Bb5 {[%clk 0:08:07]} c6
{[%clk 0:08:01]} 18. Bf1 {[%clk 0:08:10]} Qc7 {[%clk 0:07:59]} 19. Qd2
{[%clk 0:08:06]} Rfe8 {[%clk 0:07:32]} 20. Bg3 {[%clk 0:07:13]} Nf8
{[%clk 0:07:30]} 21. h4 {[%clk 0:07:01]} h6 {[%clk 0:06:54]} 22. h5
{[%clk 0:06:43]} g5 {[%clk 0:06:56]} 23. dxe5 {[%clk 0:06:39]} dxe5
{[%clk 0:07:00]} 24. Rad1 {[%clk 0:06:26]} Rad8 {[%clk 0:06:19]} 25. Qc2
{[%clk 0:06:30]} Bc8 {[%clk 0:06:22]} 26. Nh2 {[%clk 0:06:28]} Ne6
{[%clk 0:05:59]} 27. Be2 {[%clk 0:05:46]} Nf4 {[%clk 0:06:00]} 28. Bxf4
{[%clk 0:05:50]} exf4 {[%clk 0:06:04]} 29. Bg4 {[%clk 0:05:52]} b5
{[%clk 0:05:39]} 30. Rxd8 {[%clk 0:05:46]} Rxd8 {[%clk 0:05:43]} 31. Rd1
{[%clk 0:05:50]} Ba6 {[%clk 0:03:40]} 32. Rxd8+ {[%clk 0:05:23]} Qxd8
{[%clk 0:03:44]} 33. Bf5 {[%clk 0:05:27]} b4 {[%clk 0:03:48]} 34. cxb4
{[%clk 0:05:17]} axb4 {[%clk 0:03:52]} 35. Ng4 {[%clk 0:05:14]} Qb6
{[%clk 0:03:25]} 36. e5 {[%clk 0:04:43]} c5 {[%clk 0:03:06]} 37. Qd2
{[%clk 0:03:51]} Bc4 {[%clk 0:02:40]} 38. Qd7 {[%clk 0:03:41]} Be6
{[%clk 0:01:24]} 39. Bxe6 {[%clk 0:03:34]} Qxe6 {[%clk 0:00:38]} 40. Qxe6
{[%clk 0:03:26]} fxe6 {[%clk 0:00:41]} 41. a5 {[%clk 0:03:30]} 1-0

[Event "VIII Miedzynarodowy Memorial Ferdynanda Dziedzica"]
[Site "Trzcianka"]
[Date "2018.10.14"]
[Round "7.6"]
[White "Czerwonski, Aleksander"]
[Black "Suliborski, Jakub"]
[Result "1-0"]
[BlackElo "2135"]
[WhiteElo "2358"]
[LiveChessVersion "1.4.8"]

1. d4 {[%clk 0:10:09]} Nf6 {[%clk 0:10:08]} 2. c4 {[%clk 0:10:14]} e5
{[%clk 0:10:12]} 3. dxe5 {[%clk 0:10:17]} Ne4 {[%clk 0:10:16]} 4. a3
{[%clk 0:10:13]} a5 {[%clk 0:10:19]} 5. Nd2 {[%clk 0:10:03]} Nc5 {[%clk 0:10:19]}
6. Ngf3 {[%clk 0:09:33]} Nc6 {[%clk 0:10:21]} 7. e3 {[%clk 0:09:33]} h6
{[%clk 0:10:10]} 8. Be2 {[%clk 0:09:21]} g5 {[%clk 0:10:14]} 9. Nb3
{[%clk 0:08:50]} Nxb3 {[%clk 0:10:03]} 10. Qxb3 {[%clk 0:08:53]} Bg7
{[%clk 0:10:06]} 11. Bd2 {[%clk 0:08:35]} Nxe5 {[%clk 0:08:52]} 12. Bc3
{[%clk 0:08:23]} Qe7 {[%clk 0:08:51]} 13. O-O {[%clk 0:08:04]} O-O
{[%clk 0:08:40]} 14. Nxe5 {[%clk 0:07:51]} Bxe5 {[%clk 0:08:43]} 15. Bxe5
{[%clk 0:07:54]} Qxe5 {[%clk 0:08:46]} 16. f4 {[%clk 0:07:48]} Qg7
{[%clk 0:08:49]} 17. fxg5 {[%clk 0:07:08]} hxg5 {[%clk 0:08:52]} 18. c5
{[%clk 0:07:05]} d6 {[%clk 0:07:54]} 19. Bc4 {[%clk 0:06:45]} a4 {[%clk 0:07:29]}
20. Qd3 {[%clk 0:05:47]} dxc5 {[%clk 0:04:46]} 21. Rxf7 {[%clk 0:04:24]} Rxf7
{[%clk 0:04:48]} 22. Rf1 {[%clk 0:04:28]} Be6 {[%clk 0:03:59]} 23. Bxe6
{[%clk 0:04:31]} Raf8 {[%clk 0:04:03]} 24. Qf5 {[%clk 0:04:06]} b6
{[%clk 0:03:53]} 25. h3 {[%clk 0:04:04]} Qh7 {[%clk 0:03:11]} 26. Qxh7+
{[%clk 0:03:59]} 1-0

[Event "VIII Miedzynarodowy Memorial Ferdynanda Dziedzica"]
[Site "Trzcianka"]
[Date "2018.10.14"]
[Round "7.7"]
[White "Zolnierowicz, Krzysztof"]
[Black "Jaracz, Pawel"]
[Result "0-1"]
[BlackElo "2538"]
[WhiteElo "2119"]
[LiveChessVersion "1.4.8"]

1. e4 {[%clk 0:10:07]} c5 {[%clk 0:10:09]} 2. Nf3 {[%clk 0:10:07]} e6
{[%clk 0:10:13]} 3. d4 {[%clk 0:10:02]} cxd4 {[%clk 0:10:16]} 4. Nxd4
{[%clk 0:10:05]} Nc6 {[%clk 0:10:19]} 5. Nc3 {[%clk 0:10:06]} Qc7
{[%clk 0:10:23]} 6. g3 {[%clk 0:10:04]} a6 {[%clk 0:10:26]} 7. Bg2
{[%clk 0:10:03]} d6 {[%clk 0:10:30]} 8. O-O {[%clk 0:10:04]} Bd7 {[%clk 0:10:33]}
9. Be3 {[%clk 0:10:03]} Nf6 {[%clk 0:10:35]} 10. Qe2 {[%clk 0:09:44]} Be7
{[%clk 0:10:23]} 11. f4 {[%clk 0:09:43]} O-O {[%clk 0:10:19]} 12. g4
{[%clk 0:09:32]} Nxd4 {[%clk 0:10:21]} 13. Bxd4 {[%clk 0:09:33]} e5
{[%clk 0:10:22]} 14. fxe5 {[%clk 0:09:05]} dxe5 {[%clk 0:10:05]} 15. g5
{[%clk 0:08:32]} exd4 {[%clk 0:10:08]} 16. gxf6 {[%clk 0:08:36]} dxc3
{[%clk 0:08:09]} 17. fxe7 {[%clk 0:08:38]} Rfe8 {[%clk 0:07:44]} 18. Rxf7
{[%clk 0:05:09]} Kxf7 {[%clk 0:07:42]} 19. Qh5+ {[%clk 0:05:03]} Kg8
{[%clk 0:07:32]} 0-1